| 000 | 00475cam a22001337a 4500 | ||
|---|---|---|---|
| 008 | 180718b1948 xxu||||| |||| 00| 0 eng d | ||
| 082 | _aL69x54 In2r | ||
| 100 | _aIndia. Expert Committee on the Financial Provisions of Union Constitution | ||
| 245 | _aReport of the Expert Committee on the Financial Provisions of Union Constitution | ||
| 260 |
_aNew Delhi _bThe author _c1948 |
||
| 300 | _a25p. | ||
| 500 | _aChairman: M.V. Rangachari | ||
| 700 | _aRangachari, M.V. (Chairman) | ||
| 999 |
_c489541 _d489541 |
||